[Event "Nezhmetdinov Memorial 30th"]
[Site "Kazan"]
[Date "2008.06.02"]
[Round "2"]
[White "Demidov, Vyacheslav"]
[Black "Afanasiev, Dmitry"]
[Result "0-1"]
[WhiteElo "2172"]
[BlackElo "2048"]
[PlyCount "52"]
[EventDate "2008.06.01"]
[EventType "swiss"]
[EventRounds "9"]
[EventCountry "RUS"]
[SourceTitle "EXT 2009"]
[Source "ChessBase"]
[SourceDate "2008.11.26"]
[SourceVersion "1"]
[SourceVersionDate "2008.11.26"]
[SourceQuality "1"]

1. d4 Nf6 2. c4 c5 3. d5 b5 4. cxb5 a6 5. b6 g6 6. Nc3 Qxb6 7. Nf3 Bg7 8. e4 d6 9. a4 0-0 10. a5 Qc7 11. h3 Nbd7 12. Bc4 Rb8 13. 0-0 Rb4 14. Qe2 Qb7 15. Re1 Ne8 16. Ra2 Nc7 17. Nd1 Qa7 18. Bd2 Rb7 19. Bc3 f6 20. b3 Nb5 21. Ba1 Ne5 22. Qe3 Bd7 23. Bxe5 fxe5 24. Ng5 Nd4 25. Ne6 Rfb8 26. Ra3 Nc2 0-1

[Event "Kazan Region-ch 6th"]
[Site "Kazan"]
[Date "2008.01.28"]
[Round "6"]
[White "Kanter, Eduard"]
[Black "Demidov, Vyacheslav"]
[Result "1-0"]
[WhiteElo "2336"]
[BlackElo "2161"]
[PlyCount "87"]
[EventDate "2008.01.23"]
[EventType "swiss"]
[EventRounds "9"]
[EventCountry "RUS"]
[SourceTitle "CBM 122 Extra"]
[Source "ChessBase"]
[SourceDate "2008.03.04"]
[SourceVersion "1"]
[SourceVersionDate "2008.03.04"]
[SourceQuality "1"]

1. d4 e6 2. c4 f5 3. Nf3 Nf6 4. g3 Be7 5. Bg2 0-0 6. 0-0 d6 7. Nc3 Ne4 8. Qc2 Nxc3 9. bxc3 Nc6 10. d5 Na5 11. dxe6 Bxe6 12. Nd4 Bxc4 13. Nxf5 Bf6 14. Ne3 Be6 15. Nd5 Qd7 16. Be4 Bxd5 17. Bxd5+ Kh8 18. Rb1 Rab8 19. c4 b6 20. Be4 Qf7 21. Bxh7 Bd4 22. e3 Bc5 23. Bd3 Nc6 24. Bb2 Ne5 25. Bxe5 dxe5 26. Be4 Rbd8 27. Qe2 Rd6 28. Rbd1 Rf6 29. Rd2 c6 30. Bb1 Qe6 31. Qd3 e4 32. Qxe4 Qxe4 33. Bxe4 Bxe3 34. Re2 Bd4 35. Kg2 b5 36. cxb5 cxb5 37. f4 g6 38. Rd1 Bb6 39. h4 Kg7 40. Rd5 a6 41. Rg5 Kh6 42. Kf3 Rc8 43. Kg4 Rd6 44. Rxg6+ 1-0

[Event "Kazan Region-ch 6th"]
[Site "Kazan"]
[Date "2008.01.23"]
[Round "1"]
[White "Demidov, Vyacheslav"]
[Black "Kuporosov, Viktor"]
[Result "1/2-1/2"]
[WhiteElo "2161"]
[BlackElo "2439"]
[PlyCount "30"]
[EventDate "2008.01.23"]
[EventType "swiss"]
[EventRounds "9"]
[EventCountry "RUS"]
[SourceTitle "CBM 122 Extra"]
[Source "ChessBase"]
[SourceDate "2008.03.04"]
[SourceVersion "1"]
[SourceVersionDate "2008.03.04"]
[SourceQuality "1"]

1. d4 d6 2. Nf3 Bg4 3. c4 g6 4. Nc3 Bg7 5. Bg5 c6 6. e3 Nf6 7. Bd3 Qa5 8. Qa4 Qc7 9. Nd2 h6 10. Bxf6 exf6 11. 0-0 Bd7 12. e4 0-0 13. Qc2 Na6 14. a3 Qc8 15. b4 Nc7 1/2-1/2

[Event "Nezhmetdinov Memorial 29th"]
[Site "Kazan"]
[Date "2007.06.06"]
[Round "6"]
[White "Konovalov, Viatcheslav"]
[Black "Demidov, Vyacheslav"]
[Result "0-1"]
[WhiteElo "2069"]
[BlackElo "2201"]
[PlyCount "108"]
[EventDate "2007.06.01"]
[EventType "swiss"]
[EventRounds "9"]
[EventCountry "RUS"]
[SourceTitle "CBM 119 Extra"]
[Source "ChessBase"]
[SourceDate "2007.09.04"]
[SourceVersion "1"]
[SourceVersionDate "2007.09.04"]
[SourceQuality "1"]

1. e4 c5 2. Nc3 Nc6 3. g3 g6 4. Bg2 Bg7 5. d3 Nf6 6. Be3 d6 7. Qc1 Nd4 8. Nce2 Qb6 9. c3 Nxe2 10. Nxe2 Qa6 11. Qc2 Ng4 12. Bd2 Ne5 13. Nc1 Bg4 14. 0-0 Nf3+ 15. Kh1 Nxd2 16. Qxd2 Rb8 17. f4 Bd7 18. f5 b5 19. Ne2 0-0 20. Nf4 Bc6 21. Nd5 Qb7 22. fxg6 hxg6 23. Qg5 Bxd5 24. exd5 b4 25. cxb4 Bxb2 26. Rab1 Bf6 27. Qg4 cxb4 28. Be4 Kg7 29. h4 Rh8 30. Kg2 Rh5 31. Rf4 a5 32. Rbf1 Qc8 33. Qf3 Qc3 34. g4 Rxh4 35. g5 Qd2+ 36. Rf2 Qxf4 37. gxf6+ exf6 38. Qxf4 Rxf4 39. Rxf4 f5 40. Bf3 a4 41. Bd1 b3 42. Rxa4 b2 43. Bc2 b1Q 44. Bxb1 Rxb1 45. Ra6 g5 46. a4 g4 47. Rxd6 f4 48. Rc6 Rb2+ 49. Kf1 f3 50. Rc4 f5 51. Rc7+ Kg6 52. d4 g3 53. Rc1 Kf7 54. Ra1 Rh2 0-1

[Event "Nezhmetdinov Memorial 29th"]
[Site "Kazan"]
[Date "2007.06.03"]
[Round "3"]
[White "Demidov, Vyacheslav"]
[Black "Elkin, Alexander"]
[Result "1-0"]
[WhiteElo "2201"]
[BlackElo "2089"]
[PlyCount "83"]
[EventDate "2007.06.01"]
[EventType "swiss"]
[EventRounds "9"]
[EventCountry "RUS"]
[SourceTitle "CBM 119 Extra"]
[Source "ChessBase"]
[SourceDate "2007.09.04"]
[SourceVersion "1"]
[SourceVersionDate "2007.09.04"]
[SourceQuality "1"]

1. Nf3 Nf6 2. c4 d6 3. d4 h6 4. Nc3 g5 5. e4 Bg7 6. Be2 Nbd7 7. e5 dxe5 8. dxe5 Nh7 9. e6 fxe6 10. Qc2 0-0 11. Be3 c6 12. Rd1 Qc7 13. Qg6 Rf7 14. h4 Ndf8 15. Qc2 g4 16. Nd2 e5 17. Bd3 Be6 18. Nf1 Nf6 19. Ng3 Rd8 20. 0-0 Ne8 21. Qc1 Rxd3 22. Rxd3 Bxc4 23. Rfd1 Bxd3 24. Rxd3 Ng6 25. Bxh6 Nf4 26. Bxf4 exf4 27. Nge4 e5 28. Qd1 g3 29. fxg3 Qb6+ 30. Kh2 fxg3+ 31. Rxg3 Rf4 32. Qh5 Qd8 33. Ng5 Nf6 34. Qf7+ Kh8 35. Qxg7+ Kxg7 36. Ne6+ Kh7 37. Nxd8 b5 38. Nxc6 b4 39. Nd1 Ng4+ 40. Kh3 Nh6 41. Nxe5 Rf1 42. Rd3 1-0

[Event "Muhamedzjanov Memorial"]
[Site "Kazan"]
[Date "2007.01.27"]
[Round "2"]
[White "Demidov, Vyacheslav"]
[Black "Sitdikova, Liya"]
[Result "1-0"]
[WhiteElo "2233"]
[BlackElo "2005"]
[PlyCount "32"]
[EventDate "2007.01.26"]
[EventType "swiss"]
[EventRounds "9"]
[EventCountry "RUS"]
[SourceTitle "EXT 2008"]
[Source "ChessBase"]
[SourceDate "2007.11.25"]
[SourceVersion "1"]
[SourceVersionDate "2007.11.25"]
[SourceQuality "1"]

1. f4 Nf6 2. g3 d5 3. Nf3 b6 4. Bg2 Bb7 5. 0-0 e6 6. e3 Bd6 7. b3 c5 8. d4 Nbd7 9. Bb2 Rc8 10. c4 0-0 11. Nc3 Bb8 12. Qe2 e5 13. Nh4 exf4 14. gxf4 Re8 15. Nf5 Nf8 16. Bxd5 Ng6 1-0

[Event "Nezhmetdinov Memorial 28th"]
[Site "Kazan"]
[Date "2006.06.07"]
[Round "7"]
[White "Demidov, Vyacheslav"]
[Black "Vasilov, Artur"]
[Result "1/2-1/2"]
[WhiteElo "2228"]
[BlackElo "2265"]
[PlyCount "45"]
[EventDate "2006.06.01"]
[EventType "swiss"]
[EventRounds "9"]
[EventCountry "RUS"]
[SourceTitle "CBM 112 Extra"]
[Source "ChessBase"]
[SourceDate "2006.07.14"]
[SourceVersion "1"]
[SourceVersionDate "2006.07.14"]
[SourceQuality "1"]

1. d4 Nf6 2. c4 e6 3. Nf3 b6 4. Nc3 Bb7 5. Bf4 Bb4 6. e3 0-0 7. Rc1 d5 8. Bd3 Nbd7 9. 0-0 Bxc3 10. bxc3 c5 11. cxd5 exd5 12. c4 cxd4 13. Nxd4 Nc5 14. Be2 Qd7 15. cxd5 Bxd5 16. Bb5 Qb7 17. f3 a6 18. Bc4 Bxc4 19. Rxc4 Nd5 20. Nf5 Nxf4 21. Rxf4 Ne6 22. Rg4 Kh8 23. Qd6 1/2-1/2

[Event "Nezhmetdinov Memorial 28th"]
[Site "Kazan"]
[Date "2006.06.05"]
[Round "5"]
[White "Demidov, Vyacheslav"]
[Black "Zubarev, Alexander2222"]
[Result "1/2-1/2"]
[WhiteElo "2228"]
[BlackElo "2515"]
[PlyCount "43"]
[EventDate "2006.06.01"]
[EventType "swiss"]
[EventRounds "9"]
[EventCountry "RUS"]
[SourceTitle "CBM 112 Extra"]
[Source "ChessBase"]
[SourceDate "2006.07.14"]
[SourceVersion "1"]
[SourceVersionDate "2006.07.14"]
[SourceQuality "1"]

1. f4 d5 2. Nf3 g6 3. g3 Bg7 4. Bg2 Nh6 5. 0-0 0-0 6. c3 c5 7. d3 d4 8. Bd2 Nc6 9. Na3 Nf5 10. Nc2 h5 11. c4 a5 12. b3 Rb8 13. Rb1 Re8 14. a3 Bd7 15. b4 cxb4 16. axb4 b5 17. cxb5 Nxb4 18. Nxb4 axb4 19. Rxb4 Rxb5 20. Rxb5 Bxb5 21. Ng5 Qd7 22. Qb3 1/2-1/2